Les 15 meilleurs buteurs de la saison 2022-2023 - Statistiques

Statistiques générales
  • Ce quiz a été pris 487 fois
  • Le résultat moyen est 7 sur 15
Statistiques - réponses
Questions Réponses % Correct
41 Mbappé
99%
52 Haaland
96%
32 Kane
91%
33 Lewandowski
84%
31 Benzema
79%
30 Salah
70%
31 Osimhen
42%
28 Lautaro Martinez
40%
31 Lacazette
36%
30 Rashford
29%
25 Ben Yedder
26%
26 Jonathan David
17%
27 Goncalo Ramos
8%
31 Taremi
2%
32 Valencia
1%
Aucun quiz correspondant
Distribution des résultats
% des personnes avec chaque résultat
Percentile par nombre de réponses
Votre historique - résultats
Vous n’avez pas pris ce quiz